An answer to family communication. (Record no. 14678)

000 -LEADER
fixed length control field 00692nam a2200229 a 4500
001 - CONTROL NUMBER
control field :::00012511$&:&@@
003 - CONTROL NUMBER IDENTIFIER
control field OkBaRHE
005 - DATE AND TIME OF LATEST TRANSACTION
control field 20000607103420.0
008 - FIXED-LENGTH DATA ELEMENTS--GENERAL INFORMATION
fixed length control field s1977 j 000 0 eng u
020 ## - INTERNATIONAL STANDARD BOOK NUMBER
International Standard Book Number 0890810311
040 ## - CATALOGING SOURCE
Transcribing agency
100 1# - MAIN ENTRY--PERSONAL NAME
Personal name Wright, H. Norman.
245 13 - TITLE STATEMENT
Title An answer to family communication.
260 ## - PUBLICATION, DISTRIBUTION, ETC. (IMPRINT)
Place of publication, distribution, etc Irvine, CA., :
Name of publisher, distributor, etc Harvest House Publishers
Date of publication, distribution, etc c1977
300 ## - PHYSICAL DESCRIPTION
Extent 62 p. ;
Dimensions 18 cm.
490 0# - SERIES STATEMENT
Series statement The Answer series.
650 ## - SUBJECT ADDED ENTRY--TOPICAL TERM
Topical term or geographic name as entry element Communication in the Family
650 ## - SUBJECT ADDED ENTRY--TOPICAL TERM
Topical term or geographic name as entry element Interpersonal Communication
650 ## - SUBJECT ADDED ENTRY--TOPICAL TERM
Topical term or geographic name as entry element Marriage
942 ## - ADDED ENTRY ELEMENTS (KOHA)
Source of classification or shelving scheme
Koha item type Books
Copies
Shelving location Copy number Lost status Barcode Damaged status Price effective from Koha item type Date last seen Date acquired Full call number Withdrawn status Permanent Location Source of classification or shelving scheme Not for loan
General Stacks1 12511 2010-04-14Books2010-04-142010-04-14HQ 734 .W947 RHEMA Bible Training College